[Event "Roncana op-B 11th"]
[Site "Santa Eulalia de Roncana"]
[Date "2017.10.21"]
[Round "4.9"]
[White "Alfonso Tenez, Raul"]
[Black "Alexandry Alexandru, Stefan"]
[Result "0-1"]
[WhiteElo "1419"]
[BlackElo "1556"]
[PlyCount "111"]
[EventDate "2017.09.23"]
[EventType "swiss"]
[EventRounds "8"]
[EventCountry "ESP"]
[SourceTitle "EXT 2024"]
[Source "ChessBase"]
[SourceDate "2023.10.10"]
[SourceVersion "1"]
[SourceVersionDate "2023.10.10"]
[SourceQuality "1"]

1. e4 d5 2. e5 d4 3. Nf3 c5 4. d3 h6 5. g3 Nc6 6. Bg2 Bg4 7. 0-0 e6 8. Nbd2 Be7 9. h3 Bf5 10. Nc4 Rb8 11. Ne1 Qc7 12. g4 Bg6 13. Bf4 Rd8 14. Qf3 Rd7 15. c3 h5 16. Nc2 dxc3 17. bxc3 Rxd3 18. Qe2 Rxc3 19. Be4 Bxe4 20. Qxe4 Rxh3 21. g5 Rh4 22. Qe3 Rg4+ 23. Kh2 Rh4+ 24. Kg3 Rg4+ 25. Kh3 Nd4 26. Nxd4 cxd4 27. Nd6+ Kf8 28. Qf3 Qc6 29. Qxc6 bxc6 30. Rab1 g6 31. f3 Rxf4 32. Rb8+ Kg7 33. Ne8+ Kh7 34. Nf6+ Bxf6 35. exf6 Rf5 36. Kh4 Rf4+ 37. Kg3 e5 38. Rb7 Nh6 39. gxh6 Kxh6 40. Rxf7 Re4 41. Rd1 Rf4 42. Rxa7 Rxf6 43. Ra3 Kg5 44. Re1 h4+ 45. Kg2 Rf5 46. Rb3 h3+ 47. Kg3 Rh4 48. Kh2 c5 49. Rg1+ Kh6 50. Ra3 c4 51. Ra8 Rxf3 52. a4 Rf2+ 53. Kg3 Rf7 54. Re1 e4 55. Ra5 g5 56. Ra8 0-1

[Event "Roncana op-B 10th"]
[Site "Santa Eulalia de Roncana"]
[Date "2016.10.15"]
[Round "4"]
[White "De Lomas Busquets, Alba"]
[Black "Alfonso Tenez, Raul"]
[Result "1-0"]
[WhiteElo "1724"]
[BlackElo "1486"]
[PlyCount "111"]
[EventDate "2016.09.24"]
[EventType "swiss"]
[EventRounds "8"]
[EventCountry "ESP"]
[SourceTitle "EXT 2018"]
[Source "ChessBase"]
[SourceDate "2017.10.13"]
[SourceVersion "1"]
[SourceVersionDate "2017.10.13"]
[SourceQuality "1"]

1. e4 e5 2. Nf3 Nc6 3. Bc4 d6 4. d3 Bg4 5. c3 Na5 6. Bb5+ c6 7. Ba4 b5 8. Bc2 Nf6 9. b4 Nb7 10. h3 Be6 11. 0-0 h6 12. Be3 g5 13. Nh2 Rg8 14. g4 h5 15. f3 h4 16. a4 a5 17. Nd2 d5 18. bxa5 d4 19. cxd4 exd4 20. Bf2 Bc5 21. axb5 cxb5 22. Qb1 Bd7 23. Nb3 Ba7 24. Bxd4 Bxd4+ 25. Nxd4 Qc7 26. Ne2 Qc5+ 27. d4 Qc6 28. Rc1 Nxa5 29. Bd3 Qb6 30. Rc5 b4 31. Qb2 Ke7 32. Nc3 Rgc8 33. e5 Rxc5 34. exf6+ Kf8 35. dxc5 Qxc5+ 36. Kg2 bxc3 37. Qa3 Qxa3 38. Rxa3 Bc6 39. Rxc3 Rc8 40. Be4 Ke8 41. Rc5 Kd7 42. Rxa5 Bxe4 43. fxe4 Rc2+ 44. Kg1 Rc1+ 45. Nf1 Rc3 46. Rxg5 Rxh3 47. Rh5 Rf3 48. Rf5 Rxf5 49. gxf5 Kd6 50. Nd2 Ke5 51. Kg2 Kxf6 52. Kh3 Kg5 53. Nf3+ Kf4 54. Nxh4 Kxe4 55. Kg4 Ke5 56. Kg5 1-0

[Event "Roncana op-B 10th"]
[Site "Santa Eulalia de Roncana"]
[Date "2016.10.08"]
[Round "3"]
[White "Alfonso Tenez, Raul"]
[Black "Parra Ordorica, Arnau"]
[Result "1/2-1/2"]
[WhiteElo "1486"]
[BlackElo "1133"]
[PlyCount "77"]
[EventDate "2016.09.24"]
[EventType "swiss"]
[EventRounds "8"]
[EventCountry "ESP"]
[SourceTitle "EXT 2018"]
[Source "ChessBase"]
[SourceDate "2017.10.13"]
[SourceVersion "1"]
[SourceVersionDate "2017.10.13"]
[SourceQuality "1"]

1. e4 c5 2. Nc3 Nc6 3. Bc4 e6 4. Nf3 a6 5. a4 d6 6. d4 cxd4 7. Nxd4 Nf6 8. Bg5 Be7 9. Nf3 0-0 10. Bd3 Qc7 11. h4 Re8 12. h5 d5 13. h6 g6 14. Rh4 Nxe4 15. Bxe7 Nxc3 16. bxc3 Qxe7 17. Qe2 e5 18. Bc4 dxc4 19. Rxc4 f5 20. Kf1 e4 21. Nd4 Nxd4 22. Rxd4 Be6 23. Kg1 Rad8 24. Rad1 Rxd4 25. Rxd4 Rd8 26. f3 Rxd4 27. cxd4 Qd7 28. c3 Qxa4 29. fxe4 fxe4 30. Qxe4 Qd7 31. Qe5 Bf5 32. Qb8+ Qc8 33. Qe5 Qf8 34. Qd5+ Kh8 35. Qe5+ Kg8 36. Qd5+ Qf7 37. Qd8+ Qf8 38. Qd5+ Qf7 39. Qd8+ 1/2-1/2

[Event "Roncana op-B 8th"]
[Site "Santa Eulalia de Roncana"]
[Date "2014.11.01"]
[Round "3"]
[White "Alfonso Tenez, Raul"]
[Black "Argemi Camp, Jaume"]
[Result "0-1"]
[WhiteElo "1766"]
[BlackElo "1807"]
[PlyCount "80"]
[EventDate "2014.10.11"]
[EventType "swiss"]
[EventRounds "8"]
[EventCountry "ESP"]
[SourceTitle "EXT 2016"]
[Source "ChessBase"]
[SourceDate "2015.10.08"]
[SourceVersion "1"]
[SourceVersionDate "2015.10.08"]
[SourceQuality "1"]

1. e4 e6 2. Nf3 g6 3. Nc3 Bg7 4. d4 d6 5. Bc4 Qd7 6. d5 e5 7. h3 a5 8. a4 Nf6 9. Bb5 c6 10. dxc6 bxc6 11. Bc4 0-0 12. Be3 Qc7 13. Qd2 Nbd7 14. Bh6 Nc5 15. Bd3 Qb6 16. b3 Nxd3+ 17. cxd3 Qxb3 18. Bxg7 Kxg7 19. 0-0 Qe6 20. Rab1 Nh5 21. Ne2 Qf6 22. Qg5 Qxg5 23. Nxg5 Ba6 24. Rfd1 Rab8 25. Nc3 Rxb1 26. Rxb1 h6 27. Nf3 Bxd3 28. Rb7 Nf6 29. Nd2 Ra8 30. Rb6 Rc8 31. f3 d5 32. Rb7 Ra8 33. Re7 Rb8 34. exd5 cxd5 35. Nb5 Bxb5 36. axb5 Rxb5 37. Rxe5 Rb2 38. Nf1 a4 39. Re1 a3 40. Ra1 a2 0-1

[Event "Roncana op-B 7th"]
[Site "Santa Eulalia de Roncana"]
[Date "2013.10.26"]
[Round "4"]
[White "Batalle Mompart, Carles"]
[Black "Alfonso Tenez, Raul"]
[Result "1-0"]
[WhiteElo "1607"]
[BlackElo "1441"]
[PlyCount "121"]
[EventDate "2013.10.05"]
[EventType "swiss"]
[EventRounds "8"]
[EventCountry "ESP"]
[SourceTitle "EXT 2015"]
[Source "ChessBase"]
[SourceDate "2014.11.20"]
[SourceVersion "1"]
[SourceVersionDate "2014.11.20"]
[SourceQuality "1"]

1. d4 Nf6 2. c4 d5 3. Nc3 a6 4. e3 g6 5. Nf3 Bg7 6. Be2 0-0 7. 0-0 c6 8. Qc2 Bf5 9. Bd3 e6 10. Bxf5 exf5 11. cxd5 Nxd5 12. Qb3 b5 13. a4 Nxc3 14. bxc3 Re8 15. axb5 cxb5 16. c4 bxc4 17. Qxc4 Re6 18. Ba3 g5 19. Nxg5 Rf6 20. Rac1 Nc6 21. Nxf7 Rxf7 22. Qxc6 Bf8 23. Bxf8 Rxf8 24. Ra1 Rf6 25. Qc4+ Kh8 26. Rfc1 Rg6 27. Qc7 Qg5 28. Qb7 Rag8 29. g3 f4 30. Rc7 Rh6 31. exf4 Qxf4 32. Rac1 Qh4 33. Qg2 Qxd4 34. R7c4 Qb2 35. Qe4 Rf8 36. Qd4+ Qxd4 37. Rxd4 Rhf6 38. f4 a5 39. Ra4 Rf5 40. Rc7 Ra8 41. Re7 Rb5 42. Re5 Rxe5 43. fxe5 Kg7 44. Kf2 Kg6 45. g4 h5 46. gxh5+ Kxh5 47. Ke3 Kg5 48. Ke4 Kg6 49. h4 Ra6 50. Kf4 Ra7 51. Ke4 Ra6 52. h5+ Kxh5 53. Kf5 Kh6 54. e6 Kg7 55. Rg4+ Kf8 56. Kf6 Ra7 57. Rh4 Kg8 58. e7 Ra8 59. Rg4+ Kh7 60. Kf7 Ra7 61. Rh4# 1-0

[Event "Roncana op-B 7th"]
[Site "Santa Eulalia de Roncana"]
[Date "2013.10.12"]
[Round "2"]
[White "Alfonso Tenez, Raul"]
[Black "Masclans Badia, Xavier"]
[Result "1-0"]
[WhiteElo "1441"]
[BlackElo "1605"]
[PlyCount "101"]
[EventDate "2013.10.05"]
[EventType "swiss"]
[EventRounds "8"]
[EventCountry "ESP"]
[SourceTitle "EXT 2015"]
[Source "ChessBase"]
[SourceDate "2014.11.20"]
[SourceVersion "1"]
[SourceVersionDate "2014.11.20"]
[SourceQuality "1"]

1. e4 e5 2. Nf3 Nc6 3. Bc4 Nf6 4. Ng5 d5 5. exd5 Nxd5 6. Nxf7 Kxf7 7. Qf3+ Ke8 8. Bxd5 Qf6 9. Bxc6+ Qxc6 10. Qh5+ Kd8 11. 0-0 Bd6 12. Qg5+ Ke8 13. Qxg7 Rf8 14. d4 Rf7 15. Qh8+ Kd7 16. Bg5 Be7 17. Qxe5 Bxg5 18. Qxg5 b6 19. Nc3 Bb7 20. d5 Qc5 21. Qg4+ Kd8 22. Rae1 Qf8 23. Qh4+ Kd7 24. Qa4+ Kd8 25. Qh4+ Kd7 26. Re6 Bxd5 27. Re5 c6 28. Nxd5 cxd5 29. Rxd5+ Kc7 30. Qg3+ Kb7 31. Qh3 Rd8 32. Qh5 Rc8 33. c3 Qe8 34. Rfd1 Re7 35. Qxe8 Rcxe8 36. g3 Re2 37. R1d2 R8e7 38. h4 Ka6 39. Kg2 Re1 40. R2d4 Rc7 41. Ra4+ Kb7 42. Rad4 Ka6 43. Kh3 Re2 44. Rd2 Re1 45. Rd1 Re2 46. R5d2 Re5 47. a4 Rce7 48. Rd7 Rxd7 49. Rxd7 Re2 50. b4 Rxf2 51. b5+ 1-0